Resolving asymmetry of access in peer interactions during digital tasks in EFL classrooms (Record no. 193608)
[ view plain ]
| 000 -LEADER | |
|---|---|
| fixed length control field | 01658nam a22001817a 4500 |
| 005 - DATE AND TIME OF LATEST TRANSACTION | |
| control field | 20241227112504.0 |
| 008 - FIXED-LENGTH DATA ELEMENTS--GENERAL INFORMATION | |
| fixed length control field | 241227b |||||||| |||| 00| 0 eng d |
| 040 ## - CATALOGING SOURCE | |
| Transcribing agency | LDD |
| 100 ## - MAIN ENTRY--PERSONAL NAME | |
| Personal name | Vanttinen, Mintru |
| 245 ## - TITLE STATEMENT | |
| Title | Resolving asymmetry of access in peer interactions during digital tasks in EFL classrooms |
| 260 ## - PUBLICATION, DISTRIBUTION, ETC. | |
| Place of publication, distribution, etc. | Elsevier, 2024 |
| 300 ## - PHYSICAL DESCRIPTION | |
| Other physical details | p. 1-20 |
| 490 ## - Journal | |
| Journal | Journal Of Linguistics And Education |
| Volume/sequential designation | Vol. 80 |
| 500 ## - GENERAL NOTE | |
| General note | In face-to-face classrooms, when mutual visual and/or aural access to a digital device is needed but lacking during digital tasks, participants display an orientation to asymmetric access and resolve the issue through multimodal resources. This study examines the trajectory of negotiating access to digital devices held or handled by a coparticipant in peer classroom interactions. The data are audio-video recordings from English as a Foreign Language (EFL) classrooms, where individual and collaborative learning tasks are performed on or with digital devices. The findings show that pupils seek access to devices mainly through embodiment, such as body shifts, and rearranging material resources, and display a preference for not touching a device held by another pupil. Overall, the negotiation process reflects different types of situated roles and authority. The study contributes to an understanding of peer interaction around digital devices and offers important pedagogical implications for the implementation of technology in classrooms. |
| 650 ## - SUBJECT ADDED ENTRY--TOPICAL TERM | |
| Topical term or geographic name entry element | Peer Interactions |
| 856 ## - ELECTRONIC LOCATION AND ACCESS | |
| Link text | click here to access online |
| Uniform Resource Identifier | <a href="https://www.sciencedirect.com/science/article/pii/S0898589824000202">https://www.sciencedirect.com/science/article/pii/S0898589824000202</a> |
| 942 ## - ADDED ENTRY ELEMENTS (KOHA) | |
| Source of classification or shelving scheme | Dewey Decimal Classification |
| Koha item type | Article |
| Date last seen | Total checkouts | Price effective from | Koha item type | Lost status | Source of classification or shelving scheme | Damaged status | Not for loan | Withdrawn status | Home library | Current library | Date acquired |
|---|---|---|---|---|---|---|---|---|---|---|---|
| 12/27/2024 | 12/27/2024 | Article | Dewey Decimal Classification | Library and Documentation Division NCERT | Library and Documentation Division NCERT | 12/27/2024 |





